MDQL
is popping MORE tags! Check the
thread
!
Quizzes
Events
Quiz Creation
Community
Videos
Private Events
Remove Ads
Sign In
Join for FREE
Feedback
Dark Mode
Quiz Categories
Sports
Geography
Music
Movies
Television
Just For Fun
Miscellaneous
History
Literature
Language
Science
Gaming
Entertainment
Religion
Holiday
For Kids
Quiz Lab
Recent
Popular Today
Quiz Kudos Today
Editor Picks
Curator Picks
Quizzes by...
Day
Popularity
Type
Ratings
Length
Year
Community
Subscriptions
Recent Discussions
Orange Saloon
Badges
Playlists
Quests
Create
Leaderboards
Showdown
Live 5
Trivia Bingo
Activity
Puzzle Library
Sporcle Events
Private Events
Virtual Trivia
Globe League
Become a Host
Pub Owners
SporcleCon
Opinionation
Our Games
Videos
Blog
Mobile Apps
Partnerships
Remove Ads and Go Orange
Feedback
Movies
Disney
Marvel Cinematic Universe
Movie Resume
Movie Titles
Oscar
Actor
Actress
Director
Pixar
Role
Movie Quotes
Movie Characters
Box Office
Nominee
Best Picture
Star Wars
James Bond
Horror Movies
Movies
Disney
Marvel Cinematic Universe
Movie Resume
Movie Titles
Oscar
Actor
Actress
Director
Pixar
Role
Movie Quotes
Movie Characters
Box Office
Nominee
Best Picture
Star Wars
James Bond
Horror Movies
Random Quiz
Search Sporcle
×
Quiz Lab
Quiz Lab
Movies
Actor
Type in answers that appear in a list
Type in answers that appear in a list
Classic
Best Score? Go Orange.
Oscar Noms - Acting in a Scorsese Pic Stats
Can you name the Oscar Noms - Acting in a Scorsese Pic?
By
johnnysnatchclub
3m
20 Questions
518 Plays
518 Plays
518 Plays
Comments
Comments
Give Quiz Kudos
Give Quiz Kudos
-
- Ratings
hide this ad
Replay
Link that replays current quiz
Next Quiz
Link to next quiz in quiz playlist
You Got
0%
They Got
Avg Score
73%
Avg Friend Score
Upgrade to see
Score Distribution
Jump to the score distribution portion of the page
Score
0/20
Timer
03:00
0
Plays Today
Year
Actor
% Correct
1976
Robert DeNiro
99.8%
1980
Robert DeNiro
99.8%
1991
Robert DeNiro
99.8%
2004
Leonardo DiCaprio
97.7%
1990
Joe Pesci
96.1%
1980
Joe Pesci
95.8%
2002
Daniel Day-Lewis
91.7%
2006
Mark Wahlberg
87.6%
2004
Cate Blanchett
85.5%
1976
Jodie Foster
83.2%
Year
Actor
% Correct
1995
Sharon Stone
81.7%
1986
Paul Newman
81.3%
1991
Juliette Lewis
68%
1974
Ellen Burstyn
56.6%
2004
Alan Alda
53.9%
1990
Lorraine Bracco
51.4%
1993
Winona Ryder
51%
1980
Cathy Moriarty
34.7%
1986
Mary Elizabeth Mastrantonio
26.4%
1974
Diane Ladd
22%
Quiz Playlist
Details
Report
Send in Message
Add To Playlist
Classic:
Type in answers that appear in a list
Last Updated: Feb 16, 2017
Quiz Scoreboard
CHALLENGE
Sign Up to Join the Scoreboard
Show All
Scores
Hide
Comments
May contain spoilers
Recently Published
Colored Red Africa Blitz
by spor1
Geography
30s
Find the 'City' Movie
by crazypaving
Movies
60s
5x2 Blitz: Bands
by SL_Kpop136
Music
30s
More to Explore
Quiz From the Vault
Featured Blog Post
14 Easter Pick-up Lines to Find Eggs With
hide this ad
You Might Also Like...
Tags
Actor Quiz
Oscar Quiz
Image Quiz
Martin Scorsese
nom
Today's Top Quizzes in Movies
Browse Movies
hide this ad
Today's Top Quizzes in Actor
Browse Actor
Top Contributed Quizzes in Movies
1
Find The 'Big' Movie
2
Find The 'Wild' Movie
3
Find The 'Blue' Movie
4
Movies By Plot
5
Pick 5 Posters: Directed by Spielberg
6
Hidden Star Wars Character II
7
Hidden Star Wars Character III
8
Hidden Star Wars Character IV
9
Alfred Hitchcock Movies by Plot
10
Hidden Star Wars Character V
Explore More
Trending Topics
Harry Potter
Kpop
Disney
Anime
NBA
Marvel
Crossword
NFL
Country
Puzzle
The Office
Soccer
Pokémon
Song
WWE
hide this ad
More By:
johnnysnatchclub
Quiz
Plays
Rating
Category
Featured
Created
Oscar Noms - Acting in a Scorsese Pic
518
4.67
Movies
Aug 8, 2010
Oscar Noms - Acting in a Spielberg Pic
338
5.00
Movies
Aug 8, 2010
Oscar Noms - Acting in an Eastwood Pic
282
4.50
Movies
Aug 8, 2010
Oscar Noms - Acting in a Woody Allen Pic
169
5.00
Movies
Aug 8, 2010
Oscar Noms - Acting in a Lumet Pic
112
4.75
Movies
Aug 15, 2010
Go to Creator's Profile
Score Distribution
Quiz Creator Spotlight
johnnysnatchclub
Follow
Send a Message
Quizzes Created
-
Created Quiz Play Count
-
More By This Creator
Popular Quizzes Today
1
Find the 'City' Movie
2
Colored Red Africa Blitz
3
5x2 Blitz: Bands
4
Find the US States - No Outlines Minefield
5
The Countries of the World
6
Find the US States
7
9x9 Crossword: Cartoon Network
8
US States
More Movies Quizzes
Movies by Foreign Poster II
Quiz Lab
Trending Quizzes
Colored Red Europe Blitz I
Colored Red Africa Blitz II
Colored Red Africa Blitz III
Colored Red Europe Blitz III
Colored Red Europe Blitz II
Recently Updated
Champions League XIs: Real Madrid
pecheneg
Largest US Cities 1790-2010
pecheneg
Rides in Walt Disney World
pecheneg
Most Oscar Losses (Acting)
pecheneg
Beyoncé Albums
pecheneg
Leaping Animals
pecheneg
Reality TV Shows (A-Z)
bhenderson79
Rickey Henderson's Hall of Fame Teammates
pecheneg
Champions League XIs: Arsenal
pecheneg
Quick Pick: Celebrities in WWE's Hall of Fame
aduchscher
Trending Topics
Kpop
Harry Potter
Anime
NBA
Disney
Crossword
Marvel
Puzzle
NFL
Pokémon
Song
The Office
Soccer
Country
WWE
Your Account Isn't Verified!
In order to create a playlist on Sporcle, you need to verify the email address you used during registration. Go to your
Sporcle Settings
to finish the process.
Report this User
Report this user for behavior that violates our
Community Guidelines
.
Details:
Send Report
Go to the Sporcle.com Mobile Site →
Comments